| 000 | 00886nam a22002177a 4500 | ||
|---|---|---|---|
| 001 | 44109 | ||
| 003 | UA-OsUOA | ||
| 005 | 20220818151148.0 | ||
| 007 | ta | ||
| 008 | 20100216b un ||||| |||| 00| 0 ukr d | ||
| 040 |
_aUA-OsUOA _bukr _cUA-OsUOA _dUA-OsUOA |
||
| 041 | _aukr | ||
| 080 | _a050 | ||
| 090 |
_a050 _bС25 |
||
| 245 |
_aСвобода _b2008: 1 травня, Ч.20; 30 травня, Ч. 22; 6 червня, Ч. 23; 13 червня, Ч. 24; 20 червня, Ч. 25; 27 червня, Ч. 2; 2010: 15 січня, №117 |
||
| 650 | 7 |
_a050 Серійні публікації. Періодика галузі, Організація та інші типи поєднання (співробітництва) _2UDC |
|
| 942 |
_cNP _2udc |
||
| 955 | _a4 | ||
| 999 |
_c423997 _d423997 |
||